Célébrités par image A-Z - Statistiques

Statistiques générales
  • Ce quiz a été pris 5 294 fois
  • Le résultat moyen est 19 sur 26
Statistiques - réponses
Par images Réponse % Correct
Kylian Mbappé
98%
Donald Trump
97%
Barack Obama
95%
Michael Jackson
95%
Rihanna
95%
Louane
93%
Brad Pitt
89%
Cyril Hanouna
89%
Zinédine Zidane
88%
Eminem
87%
Kim Kardashian
87%
Lady Gaga
86%
Jacques Chirac
83%
Claude François
79%
Nagui
77%
Nikos Aliagas
76%
Queen
74%
Indochine
68%
Michaël Youn
66%
Alain Delon
56%
Jean-Paul Belmondo
53%
Michel Sardou
49%
Bruce Willis
42%
Malcolm X
33%
Albert Uderzo
24%
Roch Voisine
13%
Aucun quiz correspondant
Distribution des résultats
% des personnes avec chaque résultat
Percentile par nombre de réponses
Votre historique - résultats
Vous n’avez pas pris ce quiz